| 000 | 00704nam a2200265Ia 4500 | ||
|---|---|---|---|
| 008 | 190123s9999 xx 000 0 und d | ||
| 020 | _a9780545496575 | ||
| 050 | _bD284 2007 | ||
| 100 | _aDeans, Karen | ||
| 245 | 0 | _aPlaying to win : | |
| 245 | 4 | _bthe story of Althea Gibson / | |
| 245 | 0 | _cby Karen Deans ; illustrated by Elbrite Brown. | |
| 260 | _aNew York, New York : | ||
| 260 | _bScholastic, | ||
| 260 | _c2007 | ||
| 300 | _aunpaged : | ||
| 300 | _bcolored illustrations ; | ||
| 300 | _c23cm. | ||
| 500 | _a890L | ||
| 650 | _aAfrican American women tennis players. | ||
| 650 | _aTennis players. | ||
| 650 | _aUnited States. | ||
| 700 | _aBrown, Elbrite. | ||
| 700 | _aTitle. | ||
| 999 |
_c361111 _d361111 |
||